000 00739nam a2200289Ia 4500
005 20260324143548.0
008 008 260324s9999 xx 000 0 eng d
020 _a9781315223261
037 _aEBOOK
040 _aCRL
040 _beng
040 _cCRL
041 _2eng
041 _aeng
084 _qCRL
100 _aRobert Lee
245 0 _aGerman Industry and German Industrialisation
245 0 _bEssays in German Economic and Business History in the Nineteenth and Twentieth Centuries
260 _bTaylor and Francis
260 _c1991
365 _a
365 _b145
856 _uhttp://www.taylorfrancis.com/books/9781315223261
942 _cEBOOK
999 _c1821640
_d1821640